Historic Environment (Amendment) (Scotland) Act 2011 (Record no. 112104)

MARC details
000 -LEADER
fixed length control field 01105cad a22002055a 4500
001 - CONTROL NUMBER
control field E152550
008 - FIXED-LENGTH DATA ELEMENTS--GENERAL INFORMATION
fixed length control field 110328s2011 xxk f s000 0 eng d
035 ## - SYSTEM CONTROL NUMBER
System control number (Sirsi) u152550
041 0# - LANGUAGE CODE
Language code of text/sound track or separate title eng
110 2# - MAIN ENTRY--CORPORATE NAME
Corporate name or jurisdiction name as entry element Scotland
Form subheading Laws, etc.
245 00 - TITLE STATEMENT
Title Historic Environment (Amendment) (Scotland) Act 2011
Medium [electronic resource]
260 ## - PUBLICATION, DISTRIBUTION, ETC.
Place of publication, distribution, etc. [S.l.]
Name of publisher, distributor, etc. National Archives
Date of publication, distribution, etc. 2011
520 ## - SUMMARY, ETC.
Summary, etc. An Act which amends the law in relation to ancient monuments and listed buildings. Changes introduced include those relating to unauthorised works, powers of entry to ancient monuments, the management of ancient monuments, liability for the cost of urgent works to listed buildings; the creation of inventories of gardens and battlefields; and the provision of grants and loans.
590 ## - LOCAL NOTE (RLIN)
Local note KA
650 24 - SUBJECT ADDED ENTRY--TOPICAL TERM
Topical term or geographic name entry element HISTORIC ENVIRONMENT (AMENDMENT) (SCOTLAND) ACT 2011
651 #4 - SUBJECT ADDED ENTRY--GEOGRAPHIC NAME
Geographic name Scotland
Chronological subdivision 1999-
690 ## - LOCAL SUBJECT ADDED ENTRY--TOPICAL TERM (OCLC, RLIN)
Topical term or geographic name as entry element BUILT ENVIRONMENT-BUILDING TYPES-ANCIENT MONUMENTS AND HISTORIC BUILDINGS
856 40 - ELECTRONIC LOCATION AND ACCESS
Uniform Resource Identifier <a href="https://www.legislation.gov.uk/asp/2011/3/contents">https://www.legislation.gov.uk/asp/2011/3/contents</a>
Public note View the Act free of charge at www.legislation.gov.uk
942 ## - ADDED ENTRY ELEMENTS (KOHA)
Suppress in OPAC 0
Holdings
Withdrawn status Lost status Source of classification or shelving scheme Damaged status Not for loan Home library Current library Shelving location Date acquired Total Checkouts Full call number Barcode Date last seen Copy number Price effective from Koha item type
    Dewey Decimal Classification     Virtual Virtual Online 28/03/2011   ONLINE PUBLICATION 152550-1001 06/08/2019 1 06/08/2019 Book